<?xml version="1.0" encoding="UTF-8" ?>
<collection xmlns="http://www.loc.gov/MARC21/slim"><record><leader>01085nam a2200277   4500</leader><controlfield tag="001">230122</controlfield><controlfield tag="003">CH-000273-5</controlfield><controlfield tag="005">20250827161723.0</controlfield><datafield tag="020" ind1=" " ind2=" "><subfield code="a">978-3-03746-274-4</subfield></datafield><datafield tag="040" ind1=" " ind2=" "><subfield code="a">CH-000273-5</subfield><subfield code="b">ger</subfield><subfield code="e">rda</subfield></datafield><datafield tag="041" ind1="0" ind2=" "><subfield code="a">ger</subfield></datafield><datafield tag="100" ind1="1" ind2=" "><subfield code="a">Zulauf, Tim</subfield><subfield code="d">1973-</subfield><subfield code="e">Verfasser</subfield><subfield code="4">aut</subfield></datafield><datafield tag="245" ind1="1" ind2="0"><subfield code="a">Durch Geräusche</subfield><subfield code="b">Reader</subfield><subfield code="c">Tim Zulauf, KMUProduktionen ; Konzept und Redaktion: Tim Zulauf, Andreas Storm und Georg Rutishauser</subfield></datafield><datafield tag="264" ind1=" " ind2="1"><subfield code="a">Zürich</subfield><subfield code="b">edition fink</subfield><subfield code="c">[2025]</subfield></datafield><datafield tag="300" ind1=" " ind2=" "><subfield code="a">127 Seiten</subfield><subfield code="c">18 cm</subfield></datafield><datafield tag="336" ind1=" " ind2=" "><subfield code="a">Text</subfield><subfield code="b">txt</subfield><subfield code="2">rdacontent</subfield></datafield><datafield tag="337" ind1=" " ind2=" "><subfield code="a">ohne Hilfsmittel zu benutzen</subfield><subfield code="b">n</subfield><subfield code="2">rdamedia</subfield></datafield><datafield tag="338" ind1=" " ind2=" "><subfield code="a">Band</subfield><subfield code="b">nc</subfield><subfield code="2">rdacarrier</subfield></datafield><datafield tag="490" ind1="1" ind2=" "><subfield code="a">Durch Geräusche/unter Wörtern/in Gesellschaft</subfield></datafield><datafield tag="655" ind1=" " ind2="7"><subfield code="a">Aufsatzsammlung</subfield><subfield code="2">gnd-content</subfield></datafield><datafield tag="700" ind1="1" ind2=" "><subfield code="a">Storm, Andreas</subfield><subfield code="d">1969-</subfield><subfield code="e">Mitwirkender</subfield><subfield code="4">ctb</subfield></datafield><datafield tag="700" ind1="1" ind2=" "><subfield code="a">Rutishauser, Georg</subfield><subfield code="d">1963-</subfield><subfield code="e">Mitwirkender</subfield><subfield code="4">ctb</subfield></datafield><datafield tag="710" ind1="2" ind2=" "><subfield code="a">KMUProduktionen</subfield><subfield code="e">Mitwirkender</subfield><subfield code="4">ctb</subfield></datafield><datafield tag="710" ind1="2" ind2=" "><subfield code="a">Erna und Curt Burgauer Stiftung</subfield><subfield code="e">Sponsor</subfield><subfield code="4">spn</subfield></datafield><datafield tag="800" ind1="1" ind2=" "><subfield code="a">Zulauf, Tim</subfield><subfield code="d">1973-</subfield><subfield code="t">Durch Geräusche/unter Wörtern/in Gesellschaft</subfield><subfield code="w">(CH-000273-5)231263</subfield></datafield><datafield tag="852" ind1="4" ind2=" "><subfield code="a">CH-000273-5</subfield><subfield code="c">C 2025/0388:1</subfield></datafield></record></collection>